Objavovanie vzorov pohľadu pri navigačných úlohách na Webe

Salvato in:
Dettagli Bibliografici
Autore principale: Csikmák, Gabriel (Autore)
Altri autori: Hlaváč, Patrik (Relatore della tesi)
Natura: Manoscritto Libro
Lingua:slovacco
Pubblicazione: 2019
Soggetti:
Accesso online:http://is.stuba.sk/zp/portal_zp.pl?podrobnosti=122758
Tags: Aggiungi Tag
Nessun Tag, puoi essere il primo ad aggiungerne!!

MARC

LEADER 00000ntm a22000003a 4500
001 stuzp75102
003 SK-STU
005 20190819101313.9
007 ta
008 150427s2015----xo-----f-mn---000-0-slo-d
040 |a STU  |b slo 
041 0 |a slo 
044 |a xo 
100 1 |a Csikmák, Gabriel  |u 070200  |4 aut  |U FIIT Fakulta informatiky a informačných technológií  |T FIIT Ústav informatiky, informačných systémov a softvérového inžinierstva  |X 79497  |U I200  |Y 179  |7 79497 
242 0 1 |a Detection of gaze patterns in navigational tasks on the Web  |y eng 
245 1 0 |a Objavovanie vzorov pohľadu pri navigačných úlohách na Webe 
260 |c 2019 
650 4 |a objavovanie vzorov pohľadu  |2 slo 
650 4 |a sledovanie pohľadu  |2 slo 
650 4 |a navigácia na Webe  |2 slo 
650 4 |a eye-tracking  |2 eng 
650 4 |a gaze pattern detection  |2 eng 
650 4 |a Web navigation  |2 eng 
700 1 |a Hlaváč, Patrik  |u 070200  |k Z3  |4 ths  |U FIIT Fakulta informatiky a informačných technológií  |T FIIT Ústav informatiky, informačných systémov a softvérového inžinierstva  |X 5659  |U I200  |Y 179  |7 5659 
856 4 |u http://is.stuba.sk/zp/portal_zp.pl?podrobnosti=122758 
996 |c I*BAP120/19  |l II680  |s P  |a 0  |w stuzp75102_0001